Conservación mundial: boletín de la UICN (Registro nro. 16822)

Detalles MARC
000 -CABECERA
Campo de control 00269as aa2200097a 44500
090 ## - CLASIFICACIÓN LOCAL
Colección SERIADAS
Consecutivo 01268
041 0# - IDIOMA
Código de idioma para texto/pista de sonido o título separado
245 10 - MENCION DE TITULO
Título Conservación mundial: boletín de la UICN
260 ## - PUBLICACION, DISTRIBUCION, ETC. (PIE DE IMPRENTA)
Nombre del editor, distribuidor, etc. Unión Mundial para la Conservación de la Naturaleza
Lugar de publicación, distribución, etc. 41
942 ## - ELEMENTOS ADICIONALES (KOHA)
Tipo de ítem Periodica o revista
Existencias
Withdrawn status Lost status Damaged status No para préstamo Colección Fecha publicación (Año) Volumen revista Número revista Inventariado Ubicación Permanente Ubicación actual Fecha de adquisición Fuente de Valor Total Checkouts Número topográfico Inventario / Código de Barras Date last seen Ejemplar Price effective from Forma de adquisición Tipo de material
        Hemeroteca 2006 20 2 Inventariado 2017 Villa de Leyva Villa de Leyva 15/05/2006 Mercaworld   SERIADAS 01268 023184 25/03/2015 1 25/03/2015 Compra Periodica o revista
        Hemeroteca 2006 20 3 Inventariado 2017 Villa de Leyva Villa de Leyva 15/05/2006 Mercaword   SERIADAS 01268 023185 25/03/2015 1 25/03/2015 Compra Periodica o revista